| 000 | 00785cab a2200253 4500 | ||
|---|---|---|---|
| 001 | WB2935-24 | ||
| 008 | 090401t1993 xxu||||| |||| 00| 0 eng d | ||
| 035 | _a(Sirsi) u31225 | ||
| 041 | _aeng | ||
| 245 | _aServicing Europe easier from home | ||
| 260 | _c1993 | ||
| 350 | _a0 | ||
| 490 |
_aCSW - The Property Week _v44(12) 23 September 1993, 54(1) |
||
| 520 | _aLooks at Articles 52 and 56 of the Treaty of Rome concerned with the provision of professional services in EC states. | ||
| 650 | _aEUROPE | ||
| 650 | _aPROFESSIONAL SERVICES | ||
| 650 | _aQUALIFICATIONS | ||
| 650 | _aRECIPROCAL RECOGNITION | ||
| 650 | _aSURVEYORS | ||
| 690 | _aEUROPE-SINGLE MARKET | ||
| 690 | _aMANAGEMENT-BUSINESS MANAGEMENT-PROFESSIONAL PRACTICE | ||
| 942 | _n0 | ||
| 948 | _c04/03/1997 | ||
| 999 |
_c20975 _d20975 |
||